| 000 | 00483nam a22001937a 4500 | ||
|---|---|---|---|
| 003 | MPLRDC | ||
| 005 | 20220104143733.0 | ||
| 008 | 210129b ||||| |||| 00| 0 eng d | ||
| 020 | _a7-5000-0191-6 | ||
| 082 | _a630 LYZ v.2 | ||
| 100 | _a柳诒徵 编著 | ||
| 245 |
_a中国文化史. 下册 _c |
||
| 250 | _a一版一刷 | ||
| 260 |
_a _b中国大百科全书 _c1988 |
||
| 300 | _b平 | ||
| 490 | _a中国学术丛书 | ||
| 650 | _a中国文化史 | ||
| 942 |
_cBK _o630 LYZ v.2 |
||
| 999 |
_c42852 _d42842 |
||